Responses for show #3635 - Friday, May 26, 2000

Contestants

[<< previous game]

Steve Throneberry, a first-year law student from Santa Ana, California

Peggy Nomland, a pharmaceutical representative from San Diego, California

Mike Andrews, a writer originally from Detroit, Michigan (whose 3-day cash winnings total $29,501)

[next game >>]

Jeopardy! Round responses

MAY 26
(Alex: A whole category devoted to this date)
TALL TALK
NONFICTION
I WRITE THE SONGS
HOLLYWOOD BLVD.
COMPLETES THE PROVERB
(Alex: I hope you know your proverbs!)
    $100 19
Napoleon

Mike
    $100 11
Fabio

Steve
    $100 16
Harry S. Truman

Mike
    $100 6
the Bee Gees (Brothers Gibb)

Mike
    $100 3
Hollywood & Vine

Peggy
    $100 1
godliness

Mike
    $200 20
Stevie Nicks

Steve
    $200 12
Bill Bradley

Mike
    $200 27
Wolves

Mike
    $200 7
Bruce Springsteen

Mike
    $200 4
Mann's Chinese Theatre (or Grauman's Chinese Theatre)

Peggy
    $200 2
get out of the kitchen

Steve
    $300 21
the Sacraments

Mike
    $300 24
Andre the Giant

Mike
    $300 28
Profiles in Courage

Steve
    $300 8
Counting Crows

Triple Stumper
    $300 5
(Mike: What are the Grammys?)

Academy Awards (Oscars)

MikeSteve
    $300 13
and he'll hang himself

Mike
    $400 22
Montana

Mike
    $400 25
Tommy Tune

Mike
    $400 29
Erma Bombeck

Mike
    $500 9
Bob Dylan

Mike
    $400 17
Phil Collins

Triple Stumper
    $400 14
everything in its place

Peggy
    $500 23
Portugal

Triple Stumper
    $500 26
Sheryl Swoopes

Triple Stumper
    $500 30
(Mike: Who is Scott Turow?)

Alan Dershowitz

Mike
Triple Stumper
    $500 10
Freddie Mercury

Steve
    $500 18
the Roosevelt Hotel

Mike
    $500 15
without straw

Triple Stumper

Scores at the first commercial break (after clue 15):

Mike Peggy Steve
$1,100 $700 $1,100

Scores at the end of the Jeopardy! Round:

Mike Peggy Steve
$3,300 $700 $1,600

Double Jeopardy! Round responses

ROMAN HOLIDAY
BREAKFAST
AT TIFFANY'S
"CHA"RADE
THE NUN'S STORY
AUDREY HEPBURN
    $200 16
New Year's Day

Peggy
    $200 15
Pop-Tarts

Peggy
    $200 3
Abraham Lincoln

Steve
    $200 8
Chardonnay

Mike
    $200 7
Agnes of God

Mike
    $200 1
Tony

Steve
    $400 17
Sol

Mike
    $400 24
bagels

Mike
    $400 20
(Steve: What is silver?)

Blue

MikeSteve
    $400 9
Chamois

Triple Stumper
    $400 13
(Mike: Who is the Venerable Bede?)

Peter Abelard

Mike
Triple Stumper
    $400 2
Holland (the Netherlands)

Mike
    $600 21
(Mike: What are gladiator fights?)

chariot/horse races

MikePeggy
    $600 28
[The end-of-round signal sounds.]

Broadway

Mike
    $600 10
Chagrin

Mike
    $600 14
(Mike: Who was Aaron?)

Joshua

MikeSteve
    $600 4
Ballerina

Steve
    $800 22
(Alex: Imagine the Romans having a god of rust. No wonder their civilization fell!)

Rust

Peggy
    $1,000 27
South Africa

Peggy
    $800 11
Chaparral

Peggy
    $800 18
Change of Habit

Steve
    $800 5
Mel Ferrer

Steve
    $1000 23
(Mike: What is Saturnine?)
...
(Alex: Less than a minute to go, Peggy, as you make the next choice.)

Saturnalia

Mike
Triple Stumper
    $1000 25
Muesli

Mike
    $1000 26
Paloma Picasso

Peggy
    $700 12
(Peggy: What is Richmond, Virginia?)

Charlottesville (University of Virginia)

Peggy
    $1000 19
Sister Helen Prejean

Triple Stumper
    $1000 6
(Steve: Who is Divenchy?)

Hubert de Givenchy

PeggySteve

Scores at the end of the Double Jeopardy! Round:

Mike Peggy Steve
$4,900 $5,600 $3,400

[wagering suggestions for these scores]

Final Jeopardy! Round responses

BASEBALL HISTORY
[Were in Boston, moved to Milwaukee and then to Atlanta in 1966]
SteveWhat are The Braves
$2,201
MikeWhat are the Boston Red Sox?
$1,901
PeggyWhat are the [Red Sox] Cin Reds
$4,201
Atlanta Braves

Final scores:

Mike Peggy Steve
$2,999 $1,399 $5,601
2nd place: a houseboating vacation from Forever Resorts 3rd place: a TicketsNow.com gift certificate New champion: $5,601

Game dynamics:

Coryat scores:

Mike Peggy Steve
$4,800 $6,100 $3,400
24 R
(including 1 DD),
6 W
11 R
(including 1 DD),
1 W
(including 1 DD)
12 R,
2 W

Combined Coryat: $14,300

The J! Archive is created by fans, for fans. The Jeopardy! game show and all elements thereof, including but not limited to copyright and trademark thereto, are the property of Jeopardy Productions, Inc. and are protected under law. This website is not affiliated with, sponsored by, or operated by Jeopardy Productions, Inc. Join the discussion at JBoard.tv.